000 00917cab a2200265 4500
001 ABS49657
008 090401t1993 xxu||||| |||| 00| 0 eng d
035 _a(Sirsi) u72161
041 _aeng
100 _aEpstein, D.
245 _aEffective rents: a postscript
260 _c1993
350 _a0
490 _aEstates Gazette
_v(9345) 13 November 1993, 113-114(2)
520 _aDemonstrates the fallacy in seeking to devalue incentives during the life of the lease. Covers empty rates and outgoings, term-of-the-lease fallacy, investors` attitudes, effective rents and fitting-out costs. Refers to earlier series of articles at Abs48504.
650 _aEFFECTIVE RENTAL VALUE
650 _aLEASE INCENTIVES
650 _aLEASES
650 _aRENT FREE PERIODS
650 _aRENTAL VALUES
650 _aVALUATION ISSUES
690 _aLandlord and tenant
_96252
942 _n0
948 _c04/03/1997
999 _c45548
_d45548